000 00388nam a22001697a 4500
003 OSt
005 20220125084812.0
008 220125b |||||||| |||| 00| 0 eng d
020 _a8174090746
040 _cHU
082 _a621
100 _aSingh Dr. Sadhu
_928476
245 _aMechanical Engineers Handbook
260 _aKhannas
_bDelhi
300 _f1900
942 _2ddc
_cBOOKS
_n0
999 _c27677
_d27677